000 01273nam0a2200313 4500
001 RU\NLR\bibl\894634
005 20260405081852.0
010 _a5-17-033348-Х
_bАСТ
010 _a985-13-5058-3
_bХарвест
_95100
021 _aRU
_b2005-67731
_93336
035 _a(NLR Aleph) 000883108
090 _a1671434
_c1671434
100 _a20051227d2005 |||y0rusy50 ca
101 0 _arus
102 _aRU
_aBY
105 _ay |||||||||
200 1 _aЛечение серебром
_e[40 лучших, проверенных на практике рецептов, гарантии опытных специалистов
_fавт.-сост. Любовь Смирнова]
210 _aМосква
_cАСТ
_aМинск
_cХарвест
_d2005
215 _a61, [2] с.
_d20
225 1 _aСупераптека у вас дома
606 1 _aСеребро
_jСправочники
_xЛечебное применение
_92231563
_3RU\NLR\auth\661339395
686 _aР358.9я22
702 1 _4220
_8rus
_7ca
_aСмирнова
_bЛ.
_cпопуляризатор
_gЛюбовь
_3RU\NLR\auth\7728672
_911703
801 0 _aRU
_bNLR
_c20051227
_grcr
801 1 _aRU
_bNLR
_c20051227
942 _cBOOK
980 _aNB